000 00521nam a2200181Ia 4500
005 20250508161753.0
008 008 250505s9999 xx 000 0 eng d
037 _aBooks to be hide in OPAC
040 _aFEDL
_beng
_cFEDL
041 _aeng
_2eng
084 _aF, WIN/O
_qFEDL
100 _aWinder Blanche
_9771522
245 0 _aLong, long ago : Stories from the classics
260 _aLondon, UK
_bWard, Lock and Company Limited
300 _a128p.
942 _cHB
_hF, WIN/O
999 _c1372079
_d1372079